000 00648nam a2200241Ia 4500
003 OSt
005 20220918173236.0
006 a|||||r|||| 00| 0
007 ta
008 220917b |||||||| |||| 00| 0 eng d
024 _a5,796
037 _cTextual
040 _aARTS
_cARTS
_beng
041 _2eng
_aeng
082 _a22:6, L0 (2)
100 _aJordan Robert T.
_945493
245 0 _aTomorrow's library
_b Direct access and delivery
260 _aNew York
_bR R Bowker
_c1970
300 _axii,200p
_ccm.
650 _aLIBRARY SCIENCE
942 _h22:6, L0 (2)
_cTEXL
_2CC
999 _c147805
_d147805